I frammenti degli stoich antichi (Record no. 133658)

MARC details
000 -LEADER
campo de control de longitud fija 00899nam a2200253 i 4500
001 - NÚMERO DE CONTROL
campo de control 133658
003 - IDENTIFICADOR DE NÚMERO DE CONTROL
campo de control ES-MaACL
005 - FECHA Y HORA DE LA ÚLTIMA TRANSACCIÓN
campo de control 20230906194505.0
007 - CAMPO FIJO DE DESCRIPCIÓN FÍSICA--INFORMACIÓN GENERAL
campo de control de longitud fija t|
008 - DATOS DE LONGITUD FIJA--INFORMACIÓN GENERAL
campo de control de longitud fija 070824s1971 gw ||||1| ita d
080 ## - NÚMERO DE LA CLASIFICACIÓN DECIMAL UNIVERSAL
Número de la Clasificación Decimal Universal 17
100 1# - ENTRADA PRINCIPAL--NOMBRE DE PERSONA
Nombre de persona Festa, Nicola.
9 (RLIN) 50625
245 10 - MENCIÓN DEL TÍTULO
Título I frammenti degli stoich antichi
Resto del título : due volumi in un volume /
Mención de responsabilidad, etc. ordinati tradotti e annotati da Nicola Festa.
260 ## - PUBLICACIÓN, DISTRIBUCIÓN, ETC.
Lugar de publicación, distribución, etc. Georg Olms :
Nombre del editor, distribuidor, etc. Hildesheim,
Fecha de publicación, distribución, etc. 1971.
300 ## - DESCRIPCIÓN FÍSICA
Extensión 2 v. ;
Dimensiones 22 cm.
500 ## - NOTA GENERAL
Nota general Biblioteca Jacinto Martínez Lacalle.
500 ## - NOTA GENERAL
Nota general Reprod. facs. de la ed. de: Bari: Gius, Laterza & figli, 1932.
505 8# - NOTA DE CONTENIDO CON FORMATO
Nota de contenido con formato Contiene: vol. I. Zenone -- vol. II. Aritone. Apollofane. Erillo Dionigi D'Eraclea. Persö. Cleante. Sfero
650 14 - PUNTO DE ACCESO ADICIONAL DE MATERIA--TÉRMINO DE MATERIA
Término de materia o nombre geográfico como elemento de entrada Estoicismo.
9 (RLIN) 12555
655 #7 - TERMINO DE INDIZACIÓN--GENERO/FORMA
Fuente del término tgfbne
9 (RLIN) 226495
Datos o término principal de género/forma Facsímiles
852 ## - LOCALIZACIÓN
Ubicación ES-MaACL
Número de control de estantería E-12016
Sublocalización o colección R.140124
942 ## - ELEMENTOS DE ENTRADA SECUNDARIOS (KOHA)
Fuente del sistema de clasificación o colocación Clasificación decimal universal
Holdings
Estatus retirado Estado de pérdida Estado de daño No para préstamo Biblioteca de origen Biblioteca actual Ubicación en estantería Fecha de adquisición Fuente de adquisición Total de préstamos Signatura topográfica completa Código de barras Visto por última vez Precio de reemplazo Tipo de ítem Koha
        Biblioteca del Ateneo de Madrid Biblioteca del Ateneo de Madrid Depósito 2 17/01/2008     E-12016 1139137 23/02/2023 23/02/2023 Libro impreso